Les Références du Palmashow #1 - Statistiques

Statistiques générales
  • Ce quiz a été pris 613 fois
  • Le résultat moyen est 4 sur 10
Statistiques - réponses
Phrase Mot/s manquants % Correct
Michel c'est le... Brésil
89%
Elle est où... Jeanne
75%
Salut Nico ! ... Salut Ludo
58%
Ca m'vénère quand je marche en... Chaussettes dans la salle de bain
48%
Un petit écureuil qui sautait de feuille en feuille. Un petit écureuil,... Qui a perdu son porte feuille
42%
Deviens notre copain, on fera des trucs chouettes, jouer au petit train et... Construire des maquettes
27%
Vive les hommes au bistrot, la femme à la cuisine. Mon Dieu c'était beau,... On pouvait se taper sa cousine
11%
Ecarte bien les jambes, les skis parallèles, cambre toi mon ange, et... Je te ferai pousser des ailes
3%
Pendant la soirée y aura d'la binouze.... Venez accompagnées, on fera une partie de carte
1%
On piquera vos gonzesses, même les grosses bavaroises à tresses, ... C'est une promesse des Francais
0%
Aucun quiz correspondant
Distribution des résultats
% des personnes avec chaque résultat
Percentile par nombre de réponses
Votre historique - résultats
Vous n’avez pas pris ce quiz